Gender, power and identity : (Record no. 170559)

MARC details
000 -LEADER
fixed length control field 00667nam a2200193 4500
005 - DATE AND TIME OF LATEST TRANSACTION
control field 20191217161607.0
010 ## - LCCN (DPL NO)
LC control number ENG-127179
020 ## - INTERNATIONAL STANDARD BOOK NUMBER
International Standard Book Number 9789352876570
Terms of availability 785.00
035 ## - SYSTEM CONTROL NUMBER
System control number EN-110711
037 ## - SOURCE OF ACQUISITION
Source of stock number/acquisition DBAD/PUB
082 ## - DEWEY DECIMAL CLASSIFICATION NUMBER
Classification number 804.54
100 ## - MAIN ENTRY--PERSONAL NAME
Personal name Chowdhry, Prem
245 ## - TITLE STATEMENT
Title Gender, power and identity :
Statement of responsibility, etc by Harsh V.Pant
Remainder of title essays on masculinities in rural North India /
260 ## - PUBLICATION, DISTRIBUTION, ETC. (IMPRINT)
Place of publication, distribution, etc Hyderabad
Name of publisher, distributor, etc Orient Blackswan
Date of publication, distribution, etc 2019
270 ## - ADDRESS
Address 3-6-752 Himayatnagar, Hyderabad
City Telangana
Postal code 500029
Electronic mail address indo@orientblackswan.com
300 ## - PHYSICAL DESCRIPTION
Extent vii;288p .
Dimensions 22cm(pbk)
500 ## - GENERAL NOTE
General note Includes bibliographical references and index
942 ## - ADDED ENTRY ELEMENTS (KOHA)
Source of classification or shelving scheme Dewey Decimal Classification
Item type English Books
Classification part 804.54
Call number suffix CHO
Holdings
Withdrawn status Lost status Not for loan Collection code Home library Current library Date acquired Source of acquisition Cost, normal purchase price Full call number Barcode Copy number Cost, replacement price Koha item type
      Non-fiction Central Library Central Library 17/12/2019 DBAD/PUB 785.00 804.54 CHO EN-110711 1 785.00 English Books

© Delhi Public Library
Hit Counter
free hit counter